00000000nam##2200000za#4500
0019.699235
003CaOODSP
00520210625000305
007cr |||||||||||
008150407|1981||||xxc|||||o    f|0| 0 eng|d
040 |aCaOODSP|beng
043 |an-cn---
0861 |aA53-1282/1981E-PDF
1101 |aCanada.|bAgriculture Canada.|bResearch Branch.
24510|aGrowing cranberries / |h[electronic resource]|c[by] I.V. Hall, R.A. Murray, C.R. Blatt, C.L. Lockhart, R.W. Delbridge, G.W. Wood and C.J.S. Fox.
260 |aOttawa - Ontario : |bAgriculture Canada. |cRevised 1981.
300 |a34p.|bglossary, photographs
500 |aHistorical publication digitized by Agriculture and Agri-Food Canada.
590 |a14-11-Supp|b2014-05-21
69007|aFarming|2gcpds
69007|aFruit crops|2gcpds
77508|tLa culture des canneberges / |w(CaOODSP)9.643207
85640|ahttp://publications.gc.ca|qPDF|s2.6 MB|uhttps://publications.gc.ca/collections/collection_2014/aac-aafc/agrhist/A53-1282-1981-eng.pdf
986 |a1282/E